[Event "XXVI C.to Italiano a squadre A1"]
[Site "ITA"]
[Date "1994.??.??"]
[Round "6"]
[White "D'Amore, Carlo"]
[Black "Tirabassi, Maurizio"]
[Result "1/2-1/2"]
[WhiteElo "2420"]
[BlackElo "2340"]
[PlyCount "112"]
[EventDate "1994.01.30"]

1. g3 g6 2. Bg2 Bg7 3. c4 e5 4. b3 Nc6 5. Bb2 Nge7 6. d3 d5 7. cxd5 Nxd5 8. a3
O-O 9. b4 Be6 10. Nd2 a5 11. b5 Nd4 12. Ngf3 a4 13. O-O Nxb5 14. Ne4 Re8 15. e3
Nb6 16. Qe2 f5 17. Nc5 Bd5 18. Rfc1 Bc6 19. Rc2 Nd7 20. Rac1 Nd6 21. Nxd7 Qxd7
22. Nd2 Bxg2 23. Kxg2 c6 24. Rc5 Nf7 25. e4 Rad8 26. R5c3 Bh6 27. Re1 Nd6 28.
Nf3 Nb5 29. Rc4 Qxd3 30. Qxd3 Rxd3 31. Rxa4 Bg7 32. exf5 e4 33. Ne5 Rxe5 34.
Bxe5 Bxe5 35. Raxe4 Bf6 36. Re8+ Kf7 37. a4 Nd6 38. fxg6+ hxg6 39. Rb8 c5 40.
a5 c4 41. Rb1 Ra3 42. R8xb7+ Nxb7 43. Rxb7+ Ke6 44. Rb6+ Ke5 45. f4+ Kf5 46.
g4+ Kxg4 47. Rxf6 Ra2+ 48. Kf1 Kf3 49. Ke1 Ke3 50. Kd1 Kd3 51. Rd6+ Kc3 52. a6
Rxh2 53. Rxg6 Rh1+ 54. Ke2 Ra1 55. f5 Kd4 56. f6 Ra2+ 1/2-1/2

[Event "XXVI C.to Italiano a squadre A1"]
[Site "ITA"]
[Date "1994.??.??"]
[Round "6"]
[White "Godena, Michele"]
[Black "Tan, Chengxuan"]
[Result "1/2-1/2"]
[WhiteElo "2480"]
[BlackElo "2365"]
[PlyCount "74"]
[EventDate "1994.01.30"]

1. e4 c5 2. Nf3 Nc6 3. c3 Nf6 4. e5 Nd5 5. Bc4 Nb6 6. Be2 d5 7. exd6 e6 8. d4
Bxd6 9. dxc5 Bxc5 10. Qxd8+ Nxd8 11. Nbd2 O-O 12. O-O Nd5 13. Rd1 Nc6 14. Ne4
Be7 15. c4 Nf6 16. Nd6 Rd8 17. Bf4 Nh5 18. Bg5 f6 19. Nxc8 Raxc8 20. Be3 g6 21.
Rxd8+ Rxd8 22. Rd1 Rxd1+ 23. Bxd1 e5 24. Nd2 Ng7 25. Bf3 a6 26. Nb3 Nf5 27. Bb6
Nd6 28. Bxc6 bxc6 29. Na5 Kf7 30. b3 c5 31. Nc6 Nc8 32. Ba5 Bd6 33. Nd8+ Ke7
34. Nb7 Kd7 35. Nxd6 Nxd6 36. Kf1 Nb7 37. Bc3 Kd6 1/2-1/2

[Event "XXVI C.to Italiano a squadre A1"]
[Site "ITA"]
[Date "1994.??.??"]
[Round "6"]
[White "Lucaroni, Massimiliano"]
[Black "Rossi, Carlo"]
[Result "0-1"]
[WhiteElo "2290"]
[BlackElo "2345"]
[PlyCount "54"]
[EventDate "1994.01.30"]

1. e4 e5 2. Bc4 Nf6 3. d3 Nc6 4. Nc3 Bc5 5. f4 d6 6. Nf3 Na5 7. Qe2 Nxc4 8.
dxc4 h6 9. Na4 Nd7 10. f5 a5 11. Be3 Bxe3 12. Qxe3 b6 13. O-O-O Ba6 14. b3 b5
15. cxb5 Bxb5 16. Nc3 Bc6 17. a4 Qb8 18. g4 Qb4 19. Ne1 Nc5 20. Nd5 Bxd5 21.
exd5 Rb8 22. Nf3 Qa3+ 23. Kd2 Nxb3+ 24. Ke2 Qb2 25. Kf2 Qxc2+ 26. Kg3 Nc5 27.
Rc1 Qb2 0-1

[Event "XXVI C.to Italiano a squadre A1"]
[Site "ITA"]
[Date "1994.??.??"]
[Round "6"]
[White "Manca, Federico"]
[Black "Tassi, Oliviero"]
[Result "1-0"]
[WhiteElo "2370"]
[BlackElo "2320"]
[PlyCount "59"]
[EventDate "1994.01.30"]

1. e4 c5 2. c3 d6 3. Nf3 Nf6 4. h3 Nc6 5. d3 g6 6. Be2 Bg7 7. O-O O-O 8. Re1 h6
9. Bf1 e5 10. a4 Nh5 11. Nbd2 Kh7 12. Nc4 Be6 13. Be3 Rc8 14. Rc1 Qd7 15. Kh2
b6 16. d4 cxd4 17. cxd4 exd4 18. Nxd4 Nxd4 19. Bxd4 Bxd4 20. Qxd4 Qxa4 21. Qxd6
Rfd8 22. Qa3 Qb5 23. b3 Qg5 24. Qxa7 b5 25. Ne3 Rxc1 26. Rxc1 Rd2 27. Nd5 Rxd5
28. exd5 Qxc1 29. dxe6 Qxf1 30. exf7 1-0

[Event "XXVI C.to Italiano a squadre A1"]
[Site "ITA"]
[Date "1994.??.??"]
[Round "6"]
[White "Martorelli, Antonio"]
[Black "Rago, Riccardo"]
[Result "1-0"]
[WhiteElo "2245"]
[BlackElo "1815"]
[PlyCount "49"]
[EventDate "1994.01.30"]

1. e4 c5 2. Nf3 Nc6 3. Bb5 d6 4. O-O e6 5. c3 Nf6 6. d4 cxd4 7. cxd4 d5 8. e5
Nd7 9. Bg5 Be7 10. Bxe7 Nxe7 11. Nbd2 O-O 12. Qc2 a6 13. Bd3 g6 14. Rfc1 Nc6
15. Qc3 Nb6 16. a4 Bd7 17. b4 Rc8 18. Qa3 Qe7 19. Rcb1 Nc4 20. Bxc4 dxc4 21.
Ne4 b5 22. Qc3 Rc7 23. d5 exd5 24. Nf6+ Kg7 25. Nxd5 1-0

[Event "XXVI C.to Italiano a squadre A1"]
[Site "ITA"]
[Date "1994.??.??"]
[Round "6"]
[White "Ruggieri, Oliviero"]
[Black "Iannaccone, Ernesto"]
[Result "0-1"]
[WhiteElo "1842"]
[BlackElo "2375"]
[PlyCount "102"]
[EventDate "1994.01.30"]

1. d4 Nf6 2. Bg5 Ne4 3. Bf4 c5 4. f3 Nf6 5. d5 g6 6. e4 Bg7 7. Nc3 O-O 8. Qd2
d6 9. Nge2 Na6 10. Ng3 Nc7 11. Bh6 Rb8 12. h4 b5 13. h5 b4 14. Nce2 e5 15. Ng1
a5 16. hxg6 fxg6 17. Bxg7 Kxg7 18. Qh6+ Kg8 19. Bd3 Rf7 20. Nh3 Bxh3 21. Rxh3
Qf8 22. Qh4 Rg7 23. Qg5 Nd7 24. Kf2 Qf4 25. Qxf4 exf4 26. Ne2 Rf8 27. Rh4 Rgf7
28. a3 Ne5 29. Nc1 Kg7 30. axb4 axb4 31. b3 g5 32. Rh1 Kg6 33. Ke2 h5 34. Kd2
h4 35. Be2 Kf6 36. Nd3 Nxd3 37. Bxd3 Ke5 38. c3 bxc3+ 39. Kxc3 Ne8 40. Ra6 Nf6
41. Be2 Rh8 42. Ra4 Rg7 43. b4 cxb4+ 44. Rxb4 g4 45. fxg4 Nxg4 46. Bf3 Ne3 47.
Rb2 Rg3 48. Rb7 Nxg2 49. Re7+ Kf6 50. Re6+ Kg5 51. Rf1 Ne3 0-1

[Event "XXVI C.to Italiano a squadre A1"]
[Site "ITA"]
[Date "1994.??.??"]
[Round "6"]
[White "Scafarelli, Francesco"]
[Black "Albano, Marco"]
[Result "1/2-1/2"]
[WhiteElo "2295"]
[BlackElo "2230"]
[PlyCount "64"]
[EventDate "1994.01.30"]

1. Nf3 g6 2. e4 d6 3. d4 Nf6 4. Nc3 Bg7 5. Bc4 O-O 6. O-O Nxe4 7. Nxe4 d5 8.
Bd3 dxe4 9. Bxe4 Nd7 10. h3 c5 11. c3 cxd4 12. Nxd4 Nc5 13. Bc2 b6 14. Re1 Bb7
15. Nb3 Qc7 16. Nxc5 bxc5 17. Qe2 Bf6 18. Bh6 Rfd8 19. Rad1 Rxd1 20. Rxd1 Bg7
21. Bxg7 Kxg7 22. Be4 Qe5 23. Re1 Rb8 24. Bxb7 Qxe2 25. Rxe2 Rxb7 26. b3 Kf6
27. Rd2 Ke6 28. Kf1 a5 29. Ke2 a4 30. Rb2 axb3 31. axb3 Kd5 32. Ke3 e5 1/2-1/2

[Event "XXVI C.to Italiano a squadre A1"]
[Site "ITA"]
[Date "1994.??.??"]
[Round "6"]
[White "Vallifuoco, Giacomo"]
[Black "Gaggiottini, Manfredo"]
[Result "0-1"]
[WhiteElo "2395"]
[BlackElo "2078"]
[PlyCount "112"]
[EventDate "1994.01.30"]

1. d4 d6 2. e4 g6 3. Nf3 Bg7 4. c3 Nc6 5. Bg5 Bg4 6. Nbd2 Nf6 7. Bd3 h6 8. Be3
a6 9. h3 Bd7 10. b4 O-O 11. O-O Qe8 12. a4 Nd8 13. a5 Nh5 14. e5 Ne6 15. Re1
Nhf4 16. Bc4 d5 17. Bf1 g5 18. g3 Bb5 19. gxf4 gxf4 20. Nh4 Bxf1 21. Nxf1 Ng5
22. Bc1 Qd7 23. e6 fxe6 24. Qg4 Rf6 25. Nh2 Qc6 26. Bb2 Raf8 27. N2f3 Ne4 28.
Ne5 Qe8 29. Nhg6 h5 30. Qxh5 Rf5 31. Qf3 Rg5+ 32. Kh2 Rg3 33. Nxf8 Rxf3 34.
Nxf3 Kxf8 35. Rg1 Qh5 36. Rg4 Nf6 37. Rag1 Nxg4+ 38. Rxg4 Qf5 39. Bc1 Qc2 40.
Rxf4+ Ke8 41. Bd2 Bh6 42. Kg3 Bxf4+ 43. Kxf4 e5+ 44. dxe5 Qe4+ 45. Kg3 b6 46.
h4 bxa5 47. bxa5 Qa4 48. h5 Qxa5 49. h6 Kf8 50. Ng5 d4 51. e6 dxc3 52. h7 Kg7
53. Be3 Qe5+ 54. Kf3 Qd5+ 55. Ke2 c2 56. Bd2 Qc4+ 0-1

[Event "XXVI C.to Italiano a squadre A1"]
[Site "ITA"]
[Date "1994.??.??"]
[Round "6"]
[White "Vezzosi, Paolo"]
[Black "Kovacevic, Vlatko"]
[Result "1/2-1/2"]
[WhiteElo "2300"]
[BlackElo "2485"]
[PlyCount "144"]
[EventDate "1994.01.30"]

1. e4 e6 2. d4 d5 3. e5 c5 4. c3 Ne7 5. Nf3 Nec6 6. Bd3 Be7 7. O-O Nd7 8. Na3
a5 9. Nb5 cxd4 10. cxd4 Nb4 11. Be2 Nb6 12. Bd2 Bd7 13. b3 O-O 14. a4 Nc8 15.
Rc1 Bxb5 16. Bxb5 Na7 17. Be2 Nac6 18. Bf4 Na2 19. Ra1 Nc3 20. Qd2 Nxe2+ 21.
Qxe2 Qb6 22. Qb5 Bd8 23. Qd3 Nb4 24. Qd2 Be7 25. Rfc1 Rfc8 26. Rxc8+ Rxc8 27.
Be3 Rc2 28. Qd1 Qc7 29. Ne1 Rc6 30. Rc1 Rxc1 31. Qxc1 Qxc1 32. Bxc1 h5 33. Bd2
Nc6 34. Nc2 f6 35. f4 Kf7 36. Kf2 fxe5 37. fxe5 Kg6 38. Kf3 Bb4 39. Be3 Bc3 40.
g3 Bb2 41. h3 Ne7 42. g4 hxg4+ 43. hxg4 Nc6 44. Ke2 Bc3 45. Kd3 Bb4 46. Ke2 Be7
47. Bd2 Bg5 48. Bc3 Bc1 49. Kf3 Kg5 50. Ne1 Ba3 51. Nd3 Bb4 52. Bb2 Kg6 53.
Nf4+ Kf7 54. Ke3 Be7 55. Nd3 Bg5+ 56. Ke2 b6 57. Bc3 Kg6 58. Kf3 Bh6 59. Ne1
Bc1 60. Nd3 Bg5 61. Ke2 Be7 62. Nf4+ Kf7 63. Nd3 Bb4 64. Bb2 Ke7 65. Nf4 Na7
66. Kd3 Be1 67. Ba3+ Bb4 68. Bb2 Kf7 69. Ne2 Nc6 70. Ke3 Nd8 71. Kf3 Ke7 72.
Bc1 Nc6 1/2-1/2

[Event "XXVI C.to Italiano a squadre A1"]
[Site "ITA"]
[Date "1994.??.??"]
[Round "6"]
[White "Wagman, Stuart"]
[Black "Tatai, Stefano"]
[Result "0-1"]
[WhiteElo "2210"]
[BlackElo "2445"]
[PlyCount "76"]
[EventDate "1994.01.30"]

1. e4 c5 2. Nf3 d6 3. d4 cxd4 4. Nxd4 Nf6 5. Nc3 a6 6. Be3 e5 7. Nb3 Qc7 8. f3
Be7 9. g4 h6 10. Qd2 b5 11. h4 Bb7 12. Rh3 Nbd7 13. g5 b4 14. Na4 Nh5 15. Qxb4
d5 16. Qa5 Qxa5+ 17. Nxa5 Bb4+ 18. Bd2 Bxa5 19. Bxa5 Nf4 20. Rg3 hxg5 21. hxg5
Rc8 22. c4 dxe4 23. fxe4 Rh1 24. b3 Bxe4 25. Rd1 Bg2 26. Kf2 Bxf1 27. Rxf1 Rh2+
28. Kf3 Rxa2 29. Rh1 Ke7 30. Bb4+ Ke6 31. Rd1 Rc6 32. Rgg1 Rh2 33. Rh1 Rxh1 34.
Rxh1 Kf5 35. Rd1 Nd3 36. Bc3 N7c5 37. Nxc5 Nxc5 38. Bxe5 Kxe5 0-1

[Event "XXVI C.to Italiano a squadre A1"]
[Site "ITA"]
[Date "1994.??.??"]
[Round "7"]
[White "Grassi, Mario"]
[Black "Rossi, Carlo"]
[Result "0-1"]
[WhiteElo "2181"]
[BlackElo "2345"]
[PlyCount "50"]
[EventDate "1994.01.30"]

1. Nf3 d6 2. d4 Bg4 3. Bf4 e6 4. e4 Nf6 5. Bd3 d5 6. Nbd2 Be7 7. h3 Bh5 8. Qe2
a6 9. Bh2 O-O 10. e5 Nfd7 11. g4 Bg6 12. Bg3 c5 13. Bxg6 fxg6 14. h4 Nc6 15.
O-O-O Qa5 16. Kb1 c4 17. c3 b5 18. Ka1 b4 19. Nb1 Rab8 20. Ng5 bxc3 21. Nxc3
Ba3 22. Nxe6 Bxb2+ 23. Qxb2 Rxb2 24. Kxb2 Rb8+ 25. Kc2 Nb4+ 0-1

[Event "XXVI C.to Italiano a squadre A1"]
[Site "ITA"]
[Date "1994.??.??"]
[Round "7"]
[White "Manca, Federico"]
[Black "Scafarelli, Francesco"]
[Result "1-0"]
[WhiteElo "2370"]
[BlackElo "2295"]
[PlyCount "107"]
[EventDate "1994.01.30"]

1. e4 c5 2. c3 d5 3. exd5 Qxd5 4. d4 e6 5. Nf3 Nf6 6. Be3 cxd4 7. cxd4 Nc6 8.
Nc3 Qd8 9. a3 Be7 10. Bd3 O-O 11. O-O b6 12. Qe2 Bb7 13. Rad1 Nd5 14. Nxd5 Qxd5
15. Bc4 Qh5 16. d5 Na5 17. Ba2 Bxd5 18. Bxd5 exd5 19. Bxb6 axb6 20. Qxe7 Rfe8
21. Qb4 Nc4 22. Qb5 Rad8 23. Rfe1 Rxe1+ 24. Rxe1 h6 25. b3 Nxa3 26. Qxb6 Ra8
27. Qc6 Rb8 28. h3 Kh7 29. Nd4 Qg6 30. Qxd5 Nc2 31. Nxc2 Qxc2 32. Re3 Qc7 33.
g3 Rd8 34. Qe4+ g6 35. Kg2 Rd1 36. Qf3 Qd7 37. Re7 Qxe7 38. Qxd1 Kg8 39. Qd5
Qb4 40. Qc4 Qb7+ 41. Kg1 Qd7 42. h4 g5 43. hxg5 hxg5 44. b4 Kg7 45. b5 Qd1+ 46.
Kg2 Qb1 47. Qc6 Qb2 48. b6 g4 49. b7 Qb3 50. Qe4 Kf8 51. Kg1 Qb6 52. Qd5 Qb1+
53. Kg2 Qb6 54. Qd7 1-0

[Event "XXVI C.to Italiano a squadre A1"]
[Site "ITA"]
[Date "1994.??.??"]
[Round "7"]
[White "Micheli, Carlo"]
[Black "Bozzo, Rodolfo"]
[Result "1/2-1/2"]
[WhiteElo "2300"]
[BlackElo "2100"]
[PlyCount "67"]
[EventDate "1994.01.30"]

1. e4 c5 2. Nf3 e6 3. d4 cxd4 4. Nxd4 Nf6 5. Nc3 d6 6. g4 Be7 7. g5 Nfd7 8. Rg1
Nc6 9. Be3 O-O 10. Rg3 Nde5 11. f4 Nxd4 12. Qxd4 Nc6 13. Qd2 Qa5 14. O-O-O Rb8
15. Bc4 Qb4 16. Qe2 b5 17. Bd3 Re8 18. Qf2 Qa5 19. Kb1 Nb4 20. Bf1 Bd7 21. Bc1
Rec8 22. a3 Nc6 23. Na2 b4 24. Qe1 d5 25. b3 Qc5 26. axb4 Nxb4 27. Rc3 Qa5 28.
Rxc8+ Rxc8 29. Nxb4 Bxb4 30. Qe2 d4 31. Qa6 Qc7 32. Qc4 Qa5 33. Qa6 Qc7 34. Qc4
1/2-1/2

[Event "XXVI C.to Italiano a squadre A1"]
[Site "ITA"]
[Date "1994.??.??"]
[Round "7"]
[White "Tatai, Stefano"]
[Black "Godena, Michele"]
[Result "1/2-1/2"]
[WhiteElo "2445"]
[BlackElo "2480"]
[PlyCount "47"]
[EventDate "1994.01.30"]

1. e4 c5 2. Nf3 Nc6 3. d4 cxd4 4. Nxd4 Nf6 5. Nc3 d6 6. Bg5 e6 7. Qd2 a6 8.
O-O-O h6 9. Be3 Ng4 10. f4 Nxe3 11. Qxe3 Bd7 12. Kb1 Qc7 13. Be2 Rc8 14. f5
Nxd4 15. Rxd4 Be7 16. Rc4 Qd8 17. fxe6 Bxe6 18. Rxc8 Qxc8 19. Nd5 Bxd5 20. exd5
Qc7 21. Bd3 O-O 22. Qe4 g6 23. Rf1 Qd8 24. a4 1/2-1/2

[Event "C.to Mondiale U14"]
[Site "Szeged HUN"]
[Date "1994.08.??"]
[Round "1"]
[White "Blehm, Pawel"]
[Black "Moroder, Stefan"]
[Result "1-0"]
[WhiteElo "2115"]
[BlackElo "1660"]
[PlyCount "75"]
[EventDate "1994.08.??"]

1. e4 c5 2. Nf3 d6 3. d4 cxd4 4. Nxd4 Nf6 5. Nc3 a6 6. Be3 e6 7. f3 Be7 8. Qd2
Qc7 9. g4 b5 10. O-O-O O-O 11. h4 Re8 12. h5 Bf8 13. g5 Nfd7 14. g6 Nc5 15. Bh3
Nc6 16. gxf7+ Kxf7 17. Nxc6 Qxc6 18. Ne2 Bb7 19. Rdg1 Rac8 20. Kb1 Qc7 21. Bd4
b4 22. Qg5 Re7 23. Bxg7 Bxg7 24. Qxg7+ Ke8 25. Qd4 a5 26. h6 Kd7 27. Rg7 Kc6
28. Qf6 Rce8 29. Nd4+ Kb6 30. Rhg1 Bc8 31. Bg4 Rd7 32. Bh5 Red8 33. Rxd7 Rxd7
34. Be8 Rd8 35. Nb5 Nd7 36. Qg5 Qb7 37. Qxd8+ Kxb5 38. Rg7 1-0

[Event "C.to Mondiale U14"]
[Site "Szeged HUN"]
[Date "1994.08.??"]
[Round "5"]
[White "Solak, Dragan"]
[Black "Moroder, Stefan"]
[Result "1-0"]
[WhiteElo "2180"]
[BlackElo "1660"]
[PlyCount "95"]
[EventDate "1994.08.??"]

1. e4 c5 2. Nf3 d6 3. d4 cxd4 4. Nxd4 Nf6 5. Nc3 a6 6. Be2 e6 7. a4 Nc6 8. Be3
Qc7 9. f4 Be7 10. Nb3 b6 11. Bf3 Bb7 12. Qe2 O-O 13. O-O Nd7 14. Rad1 Rfe8 15.
Rd2 Nc5 16. Qf2 Rab8 17. Nd4 Bf8 18. Qg3 Na5 19. Rdf2 Nc4 20. Bc1 g6 21. b3 Na5
22. Nde2 Nd7 23. e5 Bxf3 24. Rxf3 dxe5 25. fxe5 Nxe5 26. Rxf7 Qxf7 27. Rxf7
Nxf7 28. h4 Bd6 29. Bf4 e5 30. Be3 Nc6 31. h5 Ne7 32. hxg6 Nxg6 33. Nd5 Rec8
34. Nf6+ Kg7 35. Nh5+ Kh8 36. Qf3 Kg8 37. Nf6+ Kg7 38. Nd7 Rxc2 39. Nxb8 Bxb8
40. Ng3 Rc3 41. Bh6+ Nxh6 42. Qxc3 Bd6 43. Nh5+ Kf7 44. Qf3+ Ke6 45. Ng7+ Ke7
46. Qb7+ Kf8 47. Ne6+ Ke8 48. Qxh7 1-0

[Event "C.to Mondiale U14"]
[Site "Szeged HUN"]
[Date "1994.08.??"]
[Round "7"]
[White "Acs, Peter"]
[Black "Moroder, Stefan"]
[WhiteElo "2215"]
[BlackElo "1660"]
[Result "1-0"]
[PlyCount "99"]
[EventDate "1994.08.??"]

1. e4 c5 2. c3 d5 3. exd5 Qxd5 4. d4 cxd4 5. cxd4 Nc6 6. Nf3 Bg4 7. Be2 e6 8.
O-O Nf6 9. h3 Bh5 10. Nc3 Qd8 11. Qb3 Qd7 12. g4 Bg6 13. Ne5 Qc8 14. Bf3 Be7
15. Qxb7 Qxb7 16. Bxc6+ Qxc6 17. Nxc6 h5 18. g5 Nd7 19. Nb5 Bd8 20. b3 Nb6 21.
Ba3 f6 22. Rac1 fxg5 23. Nd6+ Kf8 24. Nb7+ Kf7 25. Nbxd8+ Rhxd8 26. Nxd8+ Rxd8
27. Rc7+ Kg8 28. Rxa7 Bf5 29. Rc1 Nd5 30. Kh2 g4 31. hxg4 hxg4 32. Rc6 Kh7 33.
Rd6 Rh8 34. Rdd7 Kg6+ 35. Kg1 Rg8 36. Rf7 Kh5 37. Rf8 Rxf8 38. Bxf8 g5 39. b4
Bd3 40. Bd6 Kh4 41. Ra8 Kh5 42. a4 g3 43. fxg3 Kg4 44. a5 Kf3 45. a6 Nc3 46.
Rf8+ Ke3 47. a7 Ne2+ 48. Kh2 Nxd4 49. a8=Q Be4 50. Qa3+ 1-0

[Event "C.to Mondiale U16"]
[Site "Szeged HUN"]
[Date "1994.08.??"]
[Round "1"]
[White "Rabinovich, Alexander"]
[Black "Moroder, Thomas"]
[Result "1-0"]
[WhiteElo "2255"]
[BlackElo "1705"]
[PlyCount "65"]
[EventDate "1994.08.??"]

1. d4 Nf6 2. c4 g6 3. Nc3 Bg7 4. e4 d6 5. f3 O-O 6. Nge2 e5 7. Bg5 Nbd7 8. Qd2
c6 9. d5 c5 10. g4 a6 11. a4 Qa5 12. Ng3 Rb8 13. h4 Qb4 14. h5 Re8 15. Bd3 Nf8
16. Kf2 Qb6 17. Rag1 Qc7 18. Kf1 b5 19. axb5 Qa5 20. Nf5 Bxf5 21. gxf5 Rb7 22.
Kf2 Ra8 23. hxg6 fxg6 24. Ra1 Qb6 25. Bf1 gxf5 26. exf5 e4 27. Rg1 e3+ 28. Bxe3
Kh8 29. Bh6 Nh5 30. Bxg7+ Nxg7 31. Qg5 h6 32. Qxh6+ Nh7 33. Bd3 1-0

[Event "C.to Mondiale U16"]
[Site "Szeged HUN"]
[Date "1994.08.??"]
[Round "3"]
[White "Grigore, Nicolae-Petre"]
[Black "Moroder, Thomas"]
[Result "1-0"]
[WhiteElo "2245"]
[BlackElo "1705"]
[PlyCount "35"]
[EventDate "1994.08.??"]

1. e4 c5 2. Nf3 d6 3. d4 cxd4 4. Nxd4 Nf6 5. Nc3 a6 6. Bc4 e6 7. Bb3 Qc7 8. Bg5
Be7 9. Qf3 Nc6 10. Nxc6 bxc6 11. O-O O-O 12. Qg3 Bd7 13. Rad1 e5 14. Qd3 Qb6
15. Bxf6 gxf6 16. Ne2 f5 17. exf5 d5 18. Qg3+ 1-0

[Event "C.to Mondiale U16"]
[Site "Szeged HUN"]
[Date "1994.08.??"]
[Round "4"]
[White "Moroder, Thomas"]
[Black "Kjeld, Matthias"]
[WhiteElo "1705"]
[BlackElo "2140"]
[Result "0-1"]
[PlyCount "104"]
[EventDate "1994.08.??"]

1. e4 c6 2. d4 d5 3. Nd2 dxe4 4. Nxe4 Nd7 5. Bc4 Ngf6 6. Ng5 e6 7. Qe2 Nb6 8.
Bd3 h6 9. N5f3 Bd6 10. Ne5 c5 11. dxc5 Bxc5 12. Ngf3 O-O 13. Bf4 Nbd5 14. Bg3
Bd7 15. O-O-O Qa5 16. Kb1 a6 17. Nxd7 Nxd7 18. Ne5 N7f6 19. Bc4 Rfd8 20. Rhe1
Qb6 21. Bb3 Bb4 22. Nc4 Qc6 23. Rf1 b5 24. Ne5 Qe8 25. Qf3 a5 26. Bh4 Rdc8 27.
a3 Bf8 28. Rfe1 Ra6 29. Bxf6 Nxf6 30. Qb7 Rca8 31. Nd7 Nxd7 32. Rxd7 R8a7 33.
Qxa7 Rxa7 34. Rxa7 a4 35. Ba2 Bc5 36. Rc7 Bb6 37. Rb7 Qc6 38. Rb8+ Kh7 39. Rd1
Bc7 40. Rc8 Qb7 41. Rf8 Be5 42. f3 b4 43. Kc1 b3 44. cxb3 axb3 45. Bb1+ f5 46.
Bd3 Qb6 47. Rc8 Qf2 48. Bc2 Qe2 49. g3 bxc2 50. Rxc2 Qxf3 51. Rcd2 Qb3 52. Rf1
Qc4+ 0-1

[Event "C.to Mondiale U16"]
[Site "Szeged HUN"]
[Date "1994.08.??"]
[Round "5"]
[White "Leer-Salvesen, Bjarte"]
[Black "Moroder, Thomas"]
[WhiteElo "2170"]
[BlackElo "1705"]
[Result "1/2-1/2"]
[PlyCount "51"]
[EventDate "1994.08.??"]

1. c4 g6 2. Nc3 Bg7 3. g3 d6 4. Bg2 e5 5. d3 f5 6. Nf3 Nf6 7. O-O O-O 8. Rb1
Nc6 9. b4 h6 10. b5 Ne7 11. a4 g5 12. Ba3 Be6 13. Nd2 Rb8 14. Qb3 Qe8 15. Nd5
Nexd5 16. cxd5 Bd7 17. Rfc1 Rc8 18. Rc2 Qh5 19. Rbc1 Ne8 20. h3 g4 21. h4 Kh8
22. Bb2 Bf6 23. d4 e4 24. Qe3 Bg7 25. Qb3 Qf7 26. e3 1/2-1/2

[Event "C.to Mondiale U18"]
[Site "Szeged HUN"]
[Date "1994.08.??"]
[Round "1"]
[White "Aldrovandi, Costantino"]
[Black "Iordachescu, Viorel"]
[Result "0-1"]
[WhiteElo "1921"]
[BlackElo "2435"]
[PlyCount "72"]
[EventDate "1994.08.??"]

1. e4 g6 2. d4 Bg7 3. Nf3 d6 4. Nc3 c6 5. a4 Nf6 6. Be2 O-O 7. O-O Nbd7 8. h3
e5 9. dxe5 dxe5 10. Be3 Qe7 11. Nd2 Nc5 12. Bg4 Nxg4 13. hxg4 Ne6 14. Ne2 Rd8
15. f3 Bf6 16. Qe1 Nf4 17. Rd1 Be6 18. g3 Nxe2+ 19. Qxe2 Qb4 20. b3 Qc3 21. Nb1
Qb2 22. Qf2 Rxd1 23. Rxd1 Rd8 24. Rf1 b6 25. Kg2 Be7 26. Kg1 c5 27. g5 c4 28.
bxc4 Bxc4 29. Re1 Ba2 30. c3 Qb3 31. Qf1 Bc5 32. Bxc5 bxc5 33. Qb5 Qc2 34. Na3
Qxc3 35. Qe2 Qxa3 36. Ra1 Bc4 0-1

[Event "C.to Mondiale U18"]
[Site "Szeged HUN"]
[Date "1994.08.??"]
[Round "6"]
[White "Markun, Bostjan"]
[Black "Aldrovandi, Costantino"]
[Result "1-0"]
[WhiteElo "2295"]
[BlackElo "1921"]
[PlyCount "57"]
[EventDate "1994.08.??"]

1. e4 c5 2. c3 Nf6 3. e5 Nd5 4. d4 cxd4 5. Nf3 Nc6 6. Bc4 Nb6 7. Bb3 d5 8. exd6
Qxd6 9. Na3 a6 10. O-O Bf5 11. Nxd4 Nxd4 12. cxd4 e6 13. Qf3 Qd7 14. d5 Nxd5
15. Rd1 Bxa3 16. bxa3 O-O 17. h4 Qc8 18. Bb2 Bc2 19. Rdc1 Bxb3 20. Rxc8 Raxc8
21. Qxb3 b5 22. Rc1 Rxc1+ 23. Bxc1 Rc8 24. Bb2 Rc4 25. Qg3 f6 26. Qd6 Nc7 27.
Bd4 Kf7 28. Bc5 Nd5 29. h5 1-0

[Event "C.to Mondiale U18"]
[Site "Szeged HUN"]
[Date "1994.08.??"]
[Round "9"]
[White "Aldrovandi, Costantino"]
[Black "Colovic, Aleksandar"]
[Result "0-1"]
[WhiteElo "1921"]
[BlackElo "2285"]
[PlyCount "59"]
[EventDate "1994.08.??"]

1. e4 c5 2. Nf3 d6 3. d3 Nc6 4. g3 g6 5. Bg2 Bg7 6. O-O e5 7. c3 Nge7 8. Be3
O-O 9. d4 cxd4 10. cxd4 Bg4 11. d5 Nd4 12. Bxd4 exd4 13. h3 Bd7 14. Na3 Rc8 15.
Qb3 b5 16. Rfd1 Qb6 17. Nc2 Kh8 18. Ncxd4 f5 19. exf5 Nxf5 20. Ne6 Bxe6 21.
dxe6 Nxg3 22. e7 Rf6 23. Ng5 Rxf2 24. Qxg3 Rf3+ 25. Kh1 Rxg3 26. Rxd6 Rxh3+ 27.
Bxh3 Qb7+ 28. Rc6 Qxc6+ 29. Bg2 Qc4 30. Re1 0-1

[Event "C.to Mondiale U18 femminile"]
[Site "Szeged HUN"]
[Date "1994.08.??"]
[Round "2"]
[White "Agosto, Erika"]
[Black "Vasilevich, Tatjana"]
[Result "0-1"]
[WhiteElo "1761"]
[BlackElo "2195"]
[PlyCount "58"]
[EventDate "1994.08.??"]

1. e4 Nf6 2. Nc3 d5 3. exd5 Nxd5 4. Bc4 e6 5. d3 Be7 6. Nf3 O-O 7. O-O c5 8.
Re1 Nc6 9. a3 Nxc3 10. bxc3 Bf6 11. Bd2 b6 12. Qe2 Bb7 13. Rad1 Qe7 14. h3 Rac8
15. Ba2 Rfd8 16. a4 Ba8 17. Nh2 Qb7 18. Qf1 Qa6 19. Ra1 Qa5 20. f4 Ne7 21. Ng4
Bxc3 22. Bxc3 Qxc3 23. Rac1 Qd4+ 24. Kh1 Nf5 25. Kh2 h5 26. Ne5 h4 27. Nxf7 Ng3
28. Qg1 Qxf4 29. Ne5 Ne2+ 0-1

[Event "Festival"]
[Site "Baigno - Camugnano ITA"]
[Date "1994.06.??"]
[Round "?"]
[White "Balzan, Roberto"]
[Black "Loncar, Robert"]
[Result "1-0"]
[WhiteElo "2175"]
[BlackElo "2430"]
[PlyCount "155"]
[EventDate "1994.06.19"]

1. d4 Nf6 2. c4 d6 3. Nc3 Nbd7 4. e4 e5 5. d5 Be7 6. Nf3 O-O 7. Be2 Nc5 8. Qc2
a5 9. h3 Bd7 10. Be3 b6 11. g4 Ne8 12. O-O-O g6 13. Bh6 Ng7 14. Rdg1 a4 15. h4
f6 16. Nd2 Rf7 17. Bd3 Qc8 18. f3 Bf8 19. Nf1 Nf5 20. gxf5 Bxh6+ 21. Kb1 Rg7
22. fxg6 hxg6 23. Nh2 Be3 24. Re1 Bf2 25. Ref1 Bxh4 26. Be2 Bg5 27. Ng4 Rh7 28.
Rxh7 Kxh7 29. Rh1+ Kg7 30. Bd1 Qg8 31. Nb5 Bxb5 32. cxb5 Re8 33. b4 axb3 34.
axb3 Re7 35. b4 Nb7 36. Qh2 Kf8 37. Qh3 Nd8 38. Bb3 Rg7 39. Rh2 Qf7 40. Bc2 Qe8
41. Bd3 Nf7 42. Rc2 Qd7 43. Ra2 f5 44. Nf2 Nh6 45. Ra8+ Ke7 46. exf5 gxf5 47.
Rh8 Nf7 48. Rh7 Rxh7 49. Qxh7 Kf6 50. Kb2 Be3 51. Bxf5 Bd4+ 52. Kb3 Qxb5 53.
Ng4+ Ke7 54. Be6 Qe8 55. Nh6 c5 56. Qxf7+ Qxf7 57. Nxf7 b5 58. Ng5 c4+ 59. Kc2
Bf2 60. Ne4 Be1 61. Nc3 Kd8 62. Nxb5 Bxb4 63. Kb2 Ke7 64. Bf5 Kf6 65. Be4 Ke7
66. Na3 Kd7 67. Nxc4 Kc7 68. Kb3 Bc5 69. Ka4 Bd4 70. Kb5 Bc3 71. Ka6 Bd4 72.
Na3 Bc5 73. Nb5+ Kd7 74. Kb7 Bb4 75. Bf5+ Ke7 76. Kc6 Bc5 77. Be6 Bb4 78. Na7
1-0

[Event "Festival"]
[Site "Baigno - Camugnano ITA"]
[Date "1994.06.??"]
[Round "?"]
[White "De Gregorio, Massimiliano"]
[Black "Balzan, Roberto"]
[Result "1-0"]
[WhiteElo "2090"]
[BlackElo "2175"]
[PlyCount "59"]
[EventDate "1994.06.19"]

1. e4 e6 2. d4 d5 3. Nc3 Nf6 4. e5 Nfd7 5. f4 c5 6. Nf3 Nc6 7. Be3 a6 8. Qd2 b5
9. Ne2 Qb6 10. g3 cxd4 11. Nexd4 Bc5 12. Bh3 b4 13. O-O-O a5 14. Rhe1 Bxd4 15.
Nxd4 Nc5 16. Nf3 a4 17. f5 O-O 18. f6 b3 19. a3 Na5 20. Qb4 Qxb4 21. axb4 a3
22. Bxc5 a2 23. Kd2 Nc4+ 24. Kc3 bxc2 25. Kxc2 Re8 26. Bf1 Bd7 27. Bxc4 dxc4
28. Nd2 gxf6 29. Nxc4 fxe5 30. Nb6 1-0

[Event "Festival"]
[Site "Baigno - Camugnano ITA"]
[Date "1994.06.??"]
[Round "?"]
[White "Drei, Andrea"]
[Black "De Gregorio, Massimiliano"]
[Result "1-0"]
[WhiteElo "2240"]
[BlackElo "2090"]
[PlyCount "65"]
[EventDate "1994.06.19"]

1. e4 c5 2. Nf3 Nc6 3. d4 cxd4 4. Nxd4 e5 5. Nb5 d6 6. c4 Be7 7. N1c3 a6 8. Na3
Be6 9. Be3 Bg5 10. Bxg5 Qxg5 11. Nc2 Nge7 12. h4 Qh6 13. Nd5 O-O 14. g4 Bxd5
15. cxd5 Qf4 16. Bd3 Nd4 17. Nxd4 exd4 18. h5 Rae8 19. Kf1 g6 20. Rg1 Kh8 21.
Bc2 Qe5 22. Qd2 f5 23. exf5 gxf5 24. Ba4 b5 25. Re1 Qxd5 26. Bb3 Qc5 27. g5 f4
28. g6 hxg6 29. hxg6 Nf5 30. Rxe8 Rxe8 31. g7+ Nxg7 32. Rh1+ Nh5 33. Qxf4 1-0